| 000 | 01605cam a2200409 4500 | ||
|---|---|---|---|
| 008 | 090401t1993 xxu||||| |||| 00| 0 eng d | ||
| 020 | _a0333489934 | ||
| 035 | _a(Sirsi) u55903 | ||
| 041 | _aeng | ||
| 050 |
_a690.24 _c18 |
||
| 100 | _aSon, Lee How | ||
| 245 | _aBuilding maintenance technology | ||
| 260 |
_aBasingstoke _bMacmillan Press Ltd _c1993 |
||
| 300 |
_axiv, 374p. _c24cm. |
||
| 350 | _a18.99 | ||
| 490 | _aMacmillan Building and Surveying Series | ||
| 520 | _aExamines all types of building defects, and sets out the remedies required to restore buildings to a satisfactory condition for their continued occupation or use. Scientific principles are applied to the process of recognising and diagnosing the problems, and to determine the efffects on building performance produced by both human and environmental factors; appropriate solutions are then prescribed. | ||
| 650 | _aBRICKWORK | ||
| 650 | _aBUILT ENVIRONMENT-BUILDING MAINTENANCE AND REFURBISHMENT | ||
| 650 | _aCONCRETE DEFECTS | ||
| 650 | _aCONCRETE STRUCTURES | ||
| 650 | _aDAMPNESS | ||
| 650 | _aDECORATION | ||
| 650 | _aEXTERNAL WORKS | ||
| 650 | _aFINISHES | ||
| 650 | _aBUILT ENVIRONMENT-BUILDING ELEMENTS-COMPLETE BUILDING ELEMENTS-FOUNDATIONS | ||
| 650 | _aROOF DRAINAGE | ||
| 650 | _aBUILT ENVIRONMENT-BUILDING ELEMENTS-COMPLETE BUILDING ELEMENTS-ROOFS | ||
| 650 | _aSTEEL | ||
| 650 | _aSTONEWORK | ||
| 650 | _aTIMBER | ||
| 650 | _aWALL CLADDING | ||
| 690 | _aBUILDING AND CONSTRUCTION-REPAIRS AND MAINTENANCE | ||
| 700 | _aYuen, George C. S. | ||
| 942 | _n0 | ||
| 948 | _c04/03/1997 | ||
| 999 |
_c93672 _d93672 |
||